000 00332nam a22001217a 4500
008 230620b xxu||||| |||| 00| 0 eng d
082 _a320.96
_bUGA
100 _cUganda Protectorate
245 _aReport of the Uganda Relationships Commission 1961
260 _aUganda
_bUganda protectorate
_c1961
300 _a232p
942 _2ddc
_cBK
999 _c1708
_d1708